The white lions of Timbavati / (Record no. 1436)

MARC details
000 -LEADER
fixed length control field 00757cam a2200253 i 4500
005 - DATE AND TIME OF LATEST TRANSACTION
control field 20260322212100.0
008 - FIXED-LENGTH DATA ELEMENTS--GENERAL INFORMATION
fixed length control field data
010 ## - LIBRARY OF CONGRESS CONTROL NUMBER
LC control number 77004896
020 ## - INTERNATIONAL STANDARD BOOK NUMBER
International Standard Book Number 0448226774 :
Terms of availability {dollar}10.95
020 ## - INTERNATIONAL STANDARD BOOK NUMBER
International Standard Book Number 9780448226774 :
Terms of availability {dollar}10.95
040 ## - CATALOGING SOURCE
Original cataloging agency DLC
Transcribing agency DLC
Modifying agency DLC
043 ## - GEOGRAPHIC AREA CODE
Geographic area code f-sa---
050 00 - LIBRARY OF CONGRESS CALL NUMBER
Classification number QL737.C23
Item number M3
082 00 - DEWEY DECIMAL CLASSIFICATION NUMBER
Classification number 599/.74428
092 ## - LOCALLY ASSIGNED DEWEY CALL NUMBER (OCLC)
Classification number 599 M3 1977
001 - CONTROL NUMBER
control field data
100 1# - MAIN ENTRY--PERSONAL NAME
Personal name McBride, Chris,
Dates associated with a name 1941-
245 14 - TITLE STATEMENT
Title The white lions of Timbavati /
Statement of responsibility, etc. Chris McBride.
260 ## - PUBLICATION, DISTRIBUTION, ETC.
Place of publication, distribution, etc. New York :
Name of publisher, distributor, etc. Paddington Press : distributed by Grosset & Dunlop,
Date of publication, distribution, etc. c1977.
300 ## - PHYSICAL DESCRIPTION
Extent 220 p. :
Other physical details ill. ;
Dimensions 26 cm.
650 #0 - SUBJECT ADDED ENTRY--TOPICAL TERM
Topical term or geographic name entry element Lions.
650 #0 - SUBJECT ADDED ENTRY--TOPICAL TERM
Topical term or geographic name entry element Mammals
Geographic subdivision Timbavati Game Reserve.
-- Timbavati Game Reserve.
651 #0 - SUBJECT ADDED ENTRY--GEOGRAPHIC NAME
Geographic name Timbavati Game Reserve (South Africa)
Holdings
Withdrawn status Lost status Damaged status Not for loan Home library Current library Shelving location Date acquired Total checkouts Full call number Barcode Date last seen Price effective from Koha item type
        Centerville Centerville General stacks 22/03/2026   599/.74428 BC0011483 22/03/2026 22/03/2026 Books